| 000 | 00720nam a2200193 a 4500 | ||
|---|---|---|---|
| 001 | BRCA_508 | ||
| 005 | 20190320203035.0 | ||
| 008 | 230508s1991----po-a---###---#000-0#por-# | ||
| 050 | 4 |
_aNK4670.7.P6 _b.A98 1991 |
|
| 245 | 1 | 0 | _aAzulejos. |
| 260 |
_a[Portugal] _bBanco Borges & Irmão : Banco di Fomento e Exterior : Gemeentekrediet _c1991 |
||
| 300 |
_a176 p. _bil. a color _c30 cm. |
||
| 500 | _aCatálogo de la exposición realizada en el marco del festival Europalia 91 en Halleport, Bruselas, 20 septiembre - 29 diciembre, 1991 | ||
| 500 | _aIncluye cronología | ||
| 504 | _aBibliografía: p. 173-174 | ||
| 546 | _aTexto en portugués y holandés | ||
| 650 | 1 | 4 |
_aAzulejos _vCatálogos _zPortugal _91746 |
| 942 |
_2lcc _cB |
||
| 999 |
_c441 _d441 |
||